000
00283nam a22001337a 4500
008
170204b xxu||||| |||| 00| 0 eng d
020
_a
9780073545615
041
_a
eng
080
_2
7TH
_a
61
100
_a
3
101
_a
SHM
245
_a
TAKIN SIDES
_c
DANIEL, E.L
942
_2
udc
_c
BK
999
_c
4676
_d
4676